Partidos políticos, derecho constitucional y sociología jurídica: balance y perspectivas, 1986-2000

Kaydedildi:
Detaylı Bibliyografya
Yazar: Araya Pochet, Carlos
Materyal Türü: Metin
Baskı/Yayın Bilgisi: San José :
Edisyon:0
Etiketler: Etiketle
Etiket eklenmemiş, İlk siz ekleyin!

MARC

LEADER 00000 a a2200000 04500
001 18241
003
040
090 |a 142604  
100 |a Araya Pochet, Carlos  
245 |a Partidos políticos, derecho constitucional y sociología jurídica: balance y perspectivas, 1986-2000  
250 |a 0  
260 |a San José :  
300 |a 13 p.  
300 |b **no definido**  
999 |c 14677  |d 14677